000 00484nam a2200193Ia 4500
003 0100
008 130303s9999 xx 000 0 und d
040 _cARRUPELIB
050 _aHC800.E2761994
100 _aShepherd, George W. (ed)
245 _aEconomic Justice in Africa
245 _bAdjusment and Sustainable Development
260 _aWestport, Connecticut
260 _bGreenwood Press
260 _C1994
300 _a214P
700 _aShoko, Karamo N.M
942 0 0 _02
999 _c18655
_d18655